Dadju, Gims ou les deux ? Clic Quiz - Statistiques

Statistiques générales
  • Ce quiz a été pris 574 fois
  • Le résultat moyen est 13 sur 20
Statistiques - réponses
Hint Réponse % Correct
Parisienne Gims
92%
Reine Dadju
89%
Jaloux Dadju
88%
Appelle ta copine Gims
87%
Mon soleil Dadju
83%
Ma vie Dadju
82%
Amour toxic Dadju
81%
Tu vas me manquer Gims
81%
Tout donner Gims
77%
I love you Dadju
72%
Je te pardonne Gims
70%
King Dadju
65%
Sentimental Gims
57%
Terminal 2F Les deux
44%
Par amour Les deux
42%
Only you Gims
38%
10/10 Les deux
36%
Bella ciao Les deux
35%
Tu ne le vois pas Les deux
33%
Belle Les deux
28%
Aucun quiz correspondant
Distribution des résultats
% des personnes avec chaque résultat
Percentile par nombre de réponses
Votre historique - résultats
Vous n’avez pas pris ce quiz